Advanced real analysis

Αποθηκεύτηκε σε:
Λεπτομέρειες βιβλιογραφικής εγγραφής
Κύριος συγγραφέας: Knapp, Anthony W.
Μορφή: Βιβλίο
Γλώσσα:English
Δημοσίευση: Boston : Birkhauser,
Σειρά:Cornerstones (Birkhauser Verlag)
Θέματα:
Ετικέτες: Προσθήκη ετικέτας
Δεν υπάρχουν, Καταχωρήστε ετικέτα πρώτοι!

MARC

LEADER 00000nam a2200000 i 4500
001 1/51598
008 070810s2005 eng d
020 |a 0-8176-4382-6 
035 |l 10089763 
040 |a GR-MY-UA  |b gre  |e aacr 
041 0 |a eng 
082 0 |a 515  |2 (22) 
100 1 |a Knapp, Anthony W. 
245 1 0 |a Advanced real analysis /  |c Anthony W. Knapp 
260 |a Boston :   |b Birkhauser,  
300 |a xxii, 465 σ.;  |b εικ.;  |c 25 εκ. 
490 1 |a Cornerstones 
504 |a Περιλαμβάνει βιβλιογραφικές παραπομπές (σ. 451-453) και ευρετήρια. 
650 0 0 |a Mathematical analysis. 
830 0 |a Cornerstones (Birkhauser Verlag) 
852 |a INST  |b SAMOS  |e 20070810  |h 515 KNA  |p 005300025547  |q 005300025547  |t BK  |y 0 
901 |a BIBL3-2007-2 
909 |a Σ  |b 137332 
922 |a 3ΕΛΗ  |b 200707  |c ΕΠΕΑΕΚ2/ΤΜΠΕΣ  |d ΕΛΕΥΘΕΡΟΥΔΑΚΗΣ 
970 |a ΣΙΤΖΙΜΗ  |b ΓΙΑΣΕΜΗ  |z 2007/08/10